000 00809nam a22002297a 4500
003 UA-OsUOA
001 69629
007 ta
008 20100702b un ||||| |||| 00| 0 ukr d
090 _a340.134
_bЗ-18
942 _cBK
040 _aUA-OsUOA
_brus
_cUA-OsUOA
_dUA-OsUOA
245 _aЗаконодательный процесс
_bпонятие, институты, стадии: научно-практическое пособие
_cотв. ред. Р. Ф. Васильев
300 _a320 с.
955 _a2
041 _arus
080 _a340.134
020 _a5-8401-0083-8
260 _aМ.
_bЮриспруденция
_c2000
650 7 _a340 Право в цілому. Пропедевтика. Методи та допоміжні правничі науки
_2UDC
999 _c355899
_d355899